Outer Banks Actors - Statistics

General Stats
  • This quiz has been taken 112 times
  • The average score is 7 of 15
Answer Stats
Hint Answer % Correct
JJ Maybank Rudy Pankow
95%
Sarah Cameron Madelyn Cline
86%
Rafe Cameron Drew Starkey
85%
Kiara Carrera Madison Bailey
79%
John B Routledge Chase Stokes
77%
Pope Hayward Jonathan Daviss
54%
Cleo Anderson Carlacia Grant
46%
Topper Thorton Austin North
45%
Ward Cameron Charles Esten
32%
Wheezie Cameron Julia Antonelli
23%
Sofia Fiona Palomo
22%
Rose Cameron Caroline Arapoglou
16%
Chandler Groff J. Anthony Crane
16%
Barry Nicholas Cirillo
15%
Big John Routledge Charles Halford
11%
No matching quizzes found
Score Distribution
Percent of People with Each Score
Percentile by Number Answered
Your Score History
You have not taken this quiz